000 00569nam a2200217Ia 4500
003 OSt
005 20220924134116.0
006 a|||||r|||| 00| 0
007 ta
008 220923b |||||||| |||| 00| 0 snd d
024 _a272243
037 _cTextual
040 _aARTS
_cARTS
_bsnd
041 _2snd
_asnd
082 _aO1593,1M96x, L5
100 _aMaalkani Mangharam
_9208098
245 0 _aJawania ja jaziba preeria jun yadiyun
260 _c1975
942 _hO1593,1M96x, L5
_cTEXL
_2CC
999 _c436440
_d436440